000 01052nam a2200349 a 4500
001 445390
003 OSt
005 20260602101317.0
008 820503s1982 nyua b 001 0 eng
010 _a 82070068
020 _a0471086967
_qpbk.
020 _a9780471086963
_q(pbk.)
035 _a445390
040 _aDLC
_cDLC
_dDLC
050 0 0 _aR895
_b.J4 1982
082 0 0 _a610.1 J4 1982
_219
100 1 _aJensen, J. Trygve
_q(Jens Trygve)
245 1 0 _aPhysics for the health professions /
_cJ. Trygve Jensen.
250 _a3rd ed.
260 _aNew York :
_bJ. Wiley,
_cc1982.
300 _axi, 329 p. :
_bill. ;
_c24 cm.
336 _atext
_btxt
_2rdacontent
337 _aunmediated
_bn
_2rdamedia
338 _avolume
_bnc
_2rdacarrier
440 2 _aA Wiley medical publication
500 _aIncludes index.
504 _aBibliography: p. 315-319.
650 0 _aMedical physics.
906 _a7
_bcbc
_corignew
_d2
_eopcn
_f19
_gy-gencatlg
942 _2ddc
_cBK-EN
_n0
999 _c8936
_d8936